Spaceflight / (Record no. 5817)

MARC details
000 -LEADER
fixed length control field 00822nam a22002537a 4500
001 - CONTROL NUMBER
control field 5817
003 - CONTROL NUMBER IDENTIFIER
control field FISKH
005 - DATE AND TIME OF LATEST TRANSACTION
control field 20250123104623.0
008 - FIXED-LENGTH DATA ELEMENTS--GENERAL INFORMATION
fixed length control field 250123b cb ||||| |||| 00| 0 eng d
020 ## - INTERNATIONAL STANDARD BOOK NUMBER
International Standard Book Number 9780028600406
040 ## - CATALOGING SOURCE
Original cataloging agency FISKH
Language of cataloging eng
Transcribing agency FISKH
Modifying agency FISKH
050 ## - LIBRARY OF CONGRESS CALL NUMBER
Classification number TL795.N43
082 ## - DEWEY DECIMAL CLASSIFICATION NUMBER
Classification number 629.4
100 ## - MAIN ENTRY--PERSONAL NAME
Personal name Neal, Valerie
245 ## - TITLE STATEMENT
Title Spaceflight /
Statement of responsibility, etc. By Valerie Neal , Cathleen S. Lewis and Frank H. Winter
260 ## - PUBLICATION, DISTRIBUTION, ETC.
Place of publication, distribution, etc. Hoboken, New Jersey :
Name of publisher, distributor, etc. Wiley ,
Date of publication, distribution, etc. 1995.
300 ## - PHYSICAL DESCRIPTION
Extent 256 pages :
Other physical details color illustrations ;
Dimensions 23 cm .
490 ## - SERIES STATEMENT
Series statement Smithsonian Guides
520 ## - SUMMARY, ETC.
Summary, etc. Details the events, technological advances, people, and machines involved in the history of spaceflight.
650 ## - SUBJECT ADDED ENTRY--TOPICAL TERM
Topical term or geographic name entry element Space vehicle-history
Form subdivision non-fiction
700 ## - ADDED ENTRY--PERSONAL NAME
Personal name Sedykh, Julia
Relator term designer
942 ## - ADDED ENTRY ELEMENTS (KOHA)
Source of classification or shelving scheme Dewey Decimal Classification
Koha item type Books
Suppress in OPAC No
Holdings
Withdrawn status Lost status Source of classification or shelving scheme Damaged status Not for loan Collection Home library Current library Shelving location Date acquired Total Checkouts Full call number Barcode Date last seen Price effective from Koha item type
    Dewey Decimal Classification     Non-Fiction Footprints International School Library Network Toul Kork Campus Footprints International School Library Network Toul Kork Campus TTP Secondary Non-Fiction Bookshelves 01/23/2025   NEA 629.4 TL795.N43 FIS03831 01/23/2025 01/23/2025 Books